Statistics for Guess the Mystery Song Lyrics - 2010s #2

Click here to take the quiz!

General Stats

  • This quiz has been taken 109 times
  • The average score is 262 of 495

Answer Stats

Answer% Correct
I
99%
ya
96%
you
96%
You
96%
me
90%
a
89%
the
88%
love
84%
to
82%
and
80%
And
80%
Be
77%
be
77%
go
75%
who
75%
when
73%
it
72%
in
71%
your
71%
So
67%
for
66%
like
66%
my
66%
can
65%
my
64%
on
64%
that
63%
no
61%
If
60%
if
60%
is
59%
of
59%
wanna
59%
Don't
58%
it's
58%
But
57%
baby
55%
she
55%
tell
55%
want
55%
I'm
54%
see
54%
was
53%
way
53%
I'll
52%
Or
52%
over
52%
where
52%
could
51%
this
51%
too
51%
You're
51%
down
49%
gonna
49%
Got
49%
got
49%
know
49%
say
48%
take
48%
we're
48%
what
48%
there
47%
with
47%
game
45%
how
45%
play
45%
get
43%
look
43%
all
41%
at
41%
blank
41%
flames
41%
forever
41%
insane
41%
one
41%
space
41%
They'll
41%
girl
40%
good
40%
long
40%
write
40%
I've
39%
name
39%
bad
37%
didn't
37%
make
37%
oh
37%
Oh
37%
only
37%
time
37%
worth
37%
pain
36%
players
36%
been
35%
'Cause
35%
list
35%
show
35%
sin
35%
things
35%
ex-lovers
34%
God
34%
leave
33%
meet
33%
face
31%
high
31%
next
31%
warn
31%
far
30%
hey
30%
Nice
30%
Boys
29%
incredible
29%
mistake
29%
out
29%
read
29%
you'll
29%
come
28%
Saw
28%
scar
28%
torture
28%
We'll
28%
Love's
27%
nasty
27%
tie
27%
ends
25%
guys
25%
let's
25%
young
25%
breathless
24%
friends
24%
hand
24%
magazine
24%
reckless
24%
weekend
24%
darling
23%
about
22%
dying
22%
Find
22%
heaven
22%
It'll
22%
king
22%
Magic
22%
money
22%
New
22%
queen
22%
Ain't
20%
back
20%
funny
20%
month
20%
suit
20%
yet
20%
daydream
19%
madness
19%
nightmare
19%
perfect
19%
thought
19%
turn
19%
dressed
18%
drunk
18%
passport
18%
worst
18%
fly
17%
Grab
17%
heard
17%
jealousy
17%
Screaming
17%
crying
16%
second
16%
lies
14%
rumors
14%
tables
14%
lips
13%
Cherry
12%
crystal
12%
each
12%
filled
12%
garden
12%
guessing
12%
Keep
12%
pretty
12%
Rose
12%
storms
12%
Wait
12%
kisses
11%
skies
11%
thorns
11%
Stolen
10%

Score Distribution

Percentile by Number Answered

Percent of People with Each Score

Your Score History

You have not taken this quiz